PRODUCTION MANAGEMENT AN INTEGRATED APPR (Record no. 5173)

MARC details
000 -LEADER
fixed length control field 00342nam a2200121Ia 4500
008 - FIXED-LENGTH DATA ELEMENTS--GENERAL INFORMATION
fixed length control field 240624s9999 xx 000 0 und d
041 ## - LANGUAGE CODE
Language code of text/sound track or separate title eng
082 ## - DEWEY DECIMAL CLASSIFICATION NUMBER
Classification number 658.5 CHO
100 ## - MAIN ENTRY--PERSONAL NAME
Personal name CHOUDHURY S K
245 ## - TITLE STATEMENT
Title PRODUCTION MANAGEMENT AN INTEGRATED APPR
260 ## - PUBLICATION, DISTRIBUTION, ETC.
Date of publication, distribution, etc. 1990
Place of publication, distribution, etc. Bombay
Name of publisher, distributor, etc. Media promoters and publishers
300 ## - PHYSICAL DESCRIPTION
Extent ix, : 525 : p. : cm. ; 22
Holdings
Withdrawn status Lost status Damaged status Not for loan Home library Current library Shelving location Date acquired Full call number Barcode Date last seen Price effective from Koha item type
        IMTN IMTN Rack 34-A 05/15/2007 658.5 CHO 5173 06/24/2024 06/24/2024 Books
Designed & Maintained by: LRC IMT Nagpur Contact: lrc@imtnag.ac.in© 2024. All Rights Reserved.